000 00449nam a22001697a 4500
003 MACL
005 20160115141600.0
008 160115b xxu||||| |||| 00| 0 eng d
040 _cMACL
041 _aEnglish
082 _a300/CHO
100 _aM.Chowdhury,Bazlul
_932588
245 _aClass and Social Structure of Bangladesh
260 _aKolkata
_bClass and Social Structure of Bangladesh
_c2009
650 _aSocial
_932589
942 _2ddc
_cBK
999 _c52442
_d52442